Popeda: Kuunnelluimmat kappaleet - Statistics

Yleistilastot
  • Tätä visaa on pelattu 117 kertaa
  • Keskiarvotulos 9 / 25
Vastaustilastot
Määrä Kappale % Oikein
8 419 000 Kersantti karoliina
91%
10 014 000 Kuuma kesä
77%
6 543 000 Lihaa ja perunaa
67%
2 918 000 Matkalla alabamaan
67%
10 266 000 Tahdotko mut tosiaan
65%
1 829 000 Punaista ja makeaa
54%
2 617 000 Kellot lyö
51%
1 106 000 Sukset
44%
1 468 000 Repe ja lissu
43%
1 435 000 Kaasua komisaario peppone
41%
6 593 000 Kakskytä centtiä
40%
3 647 000 Elän itselleni
30%
2 103 000 Erotomania
30%
984 000 Mää ja tapparan mies
27%
3 181 000 Onhan päivä vielä huomennakin
24%
2 502 000 Öljytyt lanteet
22%
1 338 000 Rio de janeiro
20%
2 588 000 Hääkellot soi
18%
504 000
17%
2 228 000 Helvetin pitkä perjantai
16%
860 000 Pohjantähden alla
12%
780 000 Suuret setelit
12%
1 863 000 Onko saunan takana tilaa
9%
1 036 000 Liian kiltti mies
6%
510 000 Siankorvaa ja raanavettä
5%
Ehtoja vastaavia visoja ei löytynyt
Tulosjakauma
Jokaisen tuloksen saaneiden osuus
Persentiili vastausten määrän mukaan
Tuloshistoriasi
Et ole pelannut tätä visaa